00206nam a2200085 a 450000500170000000800410001705000230005824500170008165000220009820140414093846.0100219s19uu xx uuu eng d aCDR 004bPC [n.d.] aPC know how. aComputer science.